|
|
|
|
| LEADER |
00733nam a2200253Ia 4500 |
| 008 |
141004s9999 xx 000 0 und d |
| 040 |
|
|
|c a
|
| 041 |
|
|
|a Malayalam
|
| 082 |
|
|
|a 599.9
|
| 082 |
|
|
|b SAD/KE
|
| 100 |
|
|
|a V Sadasivan
|
| 245 |
|
|
|a Keralathile vanyajeevikal sasthanangal
|
| 245 |
|
|
|c V Sadasivan
|
| 250 |
|
|
|a 2
|
| 260 |
|
|
|a Thiruvananthapuram
|
| 260 |
|
|
|b Kerala bhasha institute
|
| 260 |
|
|
|c 1985
|
| 300 |
|
|
|a 81 p.
|
| 300 |
|
|
|b 20 cm
|
| 501 |
|
|
|a 2A3,4,5
|
| 650 |
|
|
|a Wildlife
|
| 942 |
|
|
|c BK
|
| 999 |
|
|
|c 171353
|d 171353
|
| 952 |
|
|
|0 0
|1 0
|4 0
|6 599_900000000000000_SAD_KE
|7 0
|9 176564
|a KAUCOF
|b KAUCOF
|o 599.9 SAD/KE
|p KAU_COF-1307
|r 2014-10-04
|w 2014-10-04
|y BK
|